| 000 | 00585cam a22001811 4500 | ||
|---|---|---|---|
| 082 |
_a621.402 _bCRO _cL-12, P-10 |
||
| 100 | 1 |
_aCroft, Terrell, _941119 |
|
| 245 | 1 | 0 |
_aPractical heat; _cTerrell Croft, editor ... revised by R. B. Purdy ... |
| 250 | _a2d ed. | ||
| 260 |
_aNew York, _aLondon, _bMcGraw-Hill Book Company, inc. _c[c1939] |
||
| 300 |
_axiv, 726 p. _billus., diagrs. _c21 cm. |
||
| 490 | 0 | _aPower plant series | |
| 526 |
_a0 _b0 _c0 _d621_402000000000000_CRO |
||
| 650 | 0 |
_aHeat. _939745 |
|
| 650 | 0 |
_aMCE _9379 |
|
| 700 | 1 |
_aPurdy, Randall Brookner, _941807 |
|
| 942 |
_2ddc _cBK |
||
| 999 |
_c545839 _d545839 |
||